[Event "AUT-ch Zwisch Internet"]
[Site "Playchess.com INT"]
[Date "2020.05.02"]
[Round "1"]
[White "Mostbauer, Florian"]
[Black "Meglitsch, Konstantin"]
[Result "1-0"]
[WhiteElo "2309"]
[BlackElo "2041"]
[PlyCount "121"]
[EventDate "2020.05.02"]
[EventType "swiss (blitz)"]
[EventRounds "13"]
[EventCountry "AUT"]
[SourceTitle "CBM 195 Extra"]
[Source "ChessBase"]
[SourceDate "2020.05.31"]
[SourceVersion "1"]
[SourceVersionDate "2020.05.31"]
[SourceQuality "1"]

1. c4 Nf6 2. g3 g6 3. Bg2 Bg7 4. Nc3 0-0 5. e4 d6 6. Nge2 e5 7. 0-0 Nc6 8. d3 a6 9. a3 h5 10. h3 Be6 11. Kh2 Nh7 12. Nd5 f5 13. Be3 Ne7 14. Qd2 c6 15. Nxe7+ Qxe7 16. Rac1 Rad8 17. d4 Nf6 18. exf5 gxf5 19. Bg5 Qf7 20. d5 Bd7 21. f4 e4 22. Nc3 cxd5 23. Nxd5 Bc6 24. Nxf6+ Bxf6 25. Bxf6 Qxf6 26. Rfd1 d5 27. cxd5 Rxd5 28. Qb4 Rb5 29. Qc4+ Kg7 30. b4 Rd8 31. Bf1 Rbd5 32. Rxd5 Rxd5 33. Rc2 Kg6 34. h4 Qd6 35. Be2 Kh6 36. Qc3 Kg6 37. Qh8 Kf7 38. Bxh5+ Ke6 39. Qh6+ Kd7 40. Qg7+ Qe7 41. Qc3 e3 42. Be2 Rd6 43. Kg1 Qe4 44. Qg7+ Kc8 45. Qf8+ Rd8 46. Rxc6+ Qxc6 47. Qxf5+ Qd7 48. Qxd7+ Rxd7 49. h5 Rd2 50. Kf1 Kd7 51. h6 Rd6 52. h7 Rh6 53. Bd3 Ke6 54. g4 Rh2 55. g5 Kf7 56. g6+ Kg7 57. f5 Rf2+ 58. Ke1 Rd2 59. Be4 Rd4 60. f6+ Kh8 61. g7# 1-0

[Event "AUT-ch Zwisch Internet"]
[Site "Playchess.com INT"]
[Date "2020.05.02"]
[Round "13"]
[White "Pilshofer, Paul"]
[Black "Meglitsch, Konstantin"]
[Result "0-1"]
[WhiteElo "1715"]
[BlackElo "2041"]
[PlyCount "118"]
[EventDate "2020.05.02"]
[EventType "swiss (blitz)"]
[EventRounds "13"]
[EventCountry "AUT"]
[SourceTitle "CBM 195 Extra"]
[Source "ChessBase"]
[SourceDate "2020.05.31"]
[SourceVersion "1"]
[SourceVersionDate "2020.05.31"]
[SourceQuality "1"]

1. d4 Nf6 2. Nf3 g6 3. g3 Bg7 4. Bg2 0-0 5. 0-0 d5 6. c4 c6 7. Nbd2 Bf5 8. b3 h5 9. Bb2 Ne4 10. Nh4 Nxd2 11. Qxd2 Be6 12. cxd5 cxd5 13. f4 Bf5 14. Nxf5 gxf5 15. Bf3 h4 16. e3 Nc6 17. gxh4 e6 18. Qf2 Bf6 19. h5 Kh7 20. Kh1 Rg8 21. Rg1 Qe7 22. h3 Rac8 23. Rac1 a5 24. Kh2 Bh4 25. Qe2 Nb4 26. Rxc8 Rxc8 27. Qg2 Bf6 28. Ba3 Qc7 29. Bd1 Qc3 30. Qg3 Nd3 31. h6 Ne1 32. Qxe1 Qd3 33. Qg3 Qd2+ 34. Qg2 Qxe3 35. Bh5 Qxf4+ 36. Kh1 Bxd4 37. Bxf7 Qxh6 38. Qg6+ Qxg6 39. Bxg6+ Kh6 40. Rg2 Rc3 41. Bb2 Rxh3+ 42. Rh2 Rxh2+ 43. Kxh2 Bxb2 44. Bf7 d4 45. Bxe6 Kg5 46. Bc4 Kf4 47. Kg2 Ke3 48. Kf1 Bc3 49. Be2 d3 50. Bd1 Kd2 51. Bh5 Kc1 52. Kf2 d2 53. Ke3 Be5 54. Kd3 d1Q+ 55. Bxd1 Kxd1 56. Ke3 f4+ 57. Kf3 Kd2 58. Ke4 Ke2 59. Kxe5 f3 0-1

[Event "AUT-ch Vor4 Internet"]
[Site "Playchess.com INT"]
[Date "2020.04.25"]
[Round "8"]
[White "Wohlfahrt, Herbert J"]
[Black "Meglitsch, Konstantin"]
[Result "1-0"]
[WhiteElo "2285"]
[BlackElo "2041"]
[PlyCount "109"]
[EventDate "2020.04.25"]
[EventType "swiss (blitz)"]
[EventRounds "9"]
[EventCountry "AUT"]
[SourceTitle "EXT 2021"]
[Source "ChessBase"]
[SourceDate "2020.10.23"]
[SourceVersion "1"]
[SourceVersionDate "2020.10.23"]
[SourceQuality "1"]

1. Nf3 Nf6 2. c4 g6 3. b3 Bg7 4. Bb2 0-0 5. g3 d6 6. d4 c5 7. Bg2 Nc6 8. d5 Nb8 9. 0-0 a6 10. Nc3 e5 11. e4 Nh5 12. a3 f5 13. exf5 Bxf5 14. Nh4 Nf6 15. Qe2 Bg4 16. Bf3 Bxf3 17. Nxf3 Nbd7 18. Ng5 Qe7 19. Ne6 Rf7 20. Rae1 Nf8 21. Ng5 h6 22. Nxf7 Qxf7 23. Ne4 Nxe4 24. Qxe4 g5 25. b4 b6 26. bxc5 bxc5 27. Bc3 Ng6 28. Rb1 Rf8 29. Rb6 Qf6 30. Rxa6 Ne7 31. Rb6 Ra8 32. Rb3 Nf5 33. Rfb1 Rf8 34. Rb8 h5 35. Rxf8+ Bxf8 36. a4 Nh6 37. a5 Ng4 38. f3 Nh6 39. a6 g4 40. f4 Nf5 41. a7 h4 42. a8Q hxg3 43. hxg3 Nxg3 44. Qg2 Qxf4 45. Re1 Nf5 46. Qc8 g3 47. Qe6+ Kg7 48. Bd2 Qd4+ 49. Be3 Nxe3 50. Qxg3+ Ng4+ 51. Kg2 Qd2+ 52. Kh3 Qh6+ 53. Kxg4 Qh7 54. Kf3+ Kh8 55. Qf6+ 1-0

[Event "AUT-ch Vor3 Internet"]
[Site "Playchess.com INT"]
[Date "2020.04.17"]
[Round "9"]
[White "Meglitsch, Konstantin"]
[Black "Keim, Philipp"]
[Result "1-0"]
[WhiteElo "2041"]
[BlackElo "1926"]
[PlyCount "139"]
[EventDate "2020.04.17"]
[EventType "swiss (blitz)"]
[EventRounds "9"]
[EventCountry "AUT"]
[SourceTitle "CBM 195 Extra"]
[Source "ChessBase"]
[SourceDate "2020.05.31"]
[SourceVersion "1"]
[SourceVersionDate "2020.05.31"]
[SourceQuality "1"]

1. e4 c6 2. d4 d5 3. Nc3 dxe4 4. Nxe4 Bf5 5. Ng3 Bg6 6. Nf3 Nd7 7. h4 h6 8. h5 Bh7 9. Bd3 Bxd3 10. Qxd3 e6 11. Bd2 Ngf6 12. 0-0-0 Bd6 13. Ne4 Nxe4 14. Qxe4 Qb6 15. c4 0-0-0 16. c5 Bxc5 17. dxc5 Nxc5 18. Qc2 Nd3+ 19. Kb1 Nxf2 20. Ba5 Qxa5 21. Qxf2 Qf5+ 22. Qc2 Qxc2+ 23. Kxc2 Rd5 24. Rxd5 cxd5 25. Ne5 f6 26. Ng6 Re8 27. Re1 Kd7 28. g4 e5 29. Kd3 Rc8 30. b3 Ke6 31. Nf4+ Kd6 32. Ng6 e4+ 33. Kd4 Rc2 34. Nh4 Rd2+ 35. Ke3 Rxa2 36. Nf5+ Ke5 37. Rd1 Rb2 38. Nd4 Rg2 39. Rc1 Rxg4 40. Ne2 Rh4 41. Rc8 Rxh5 42. Re8+ Kd6 43. Nf4 Re5 44. Rd8+ Kc5 45. Rd7 g5 46. Ne2 f5 47. b4+ Kc4 48. Rc7+ Kxb4 49. Kd4 Re8 50. Nc3 e3 51. Nxd5+ Kb5 52. Nxe3 f4 53. Rc5+ Kb6 54. Nd5+ Ka6 55. Nc7+ Kb6 56. Nxe8 f3 57. Rf5 g4 58. Ke3 a5 59. Nf6 h5 60. Nxh5 a4 61. Rf4 Kb5 62. Rxg4 a3 63. Rg1 Kb4 64. Nf4 Kb3 65. Nd3 b5 66. Kxf3 b4 67. Ke3 a2 68. Kd2 Ka3 69. Kc2 b3+ 70. Kc3 1-0

[Event "AUT-ch Vor3 Internet"]
[Site "Playchess.com INT"]
[Date "2020.04.17"]
[Round "1"]
[White "Meglitsch, Konstantin"]
[Black "Stolzlechner, Andreas"]
[Result "1/2-1/2"]
[WhiteElo "2041"]
[BlackElo "1883"]
[PlyCount "138"]
[EventDate "2020.04.17"]
[EventType "swiss (blitz)"]
[EventRounds "9"]
[EventCountry "AUT"]
[SourceTitle "CBM 195 Extra"]
[Source "ChessBase"]
[SourceDate "2020.05.31"]
[SourceVersion "1"]
[SourceVersionDate "2020.05.31"]
[SourceQuality "1"]

1. e4 e5 2. Nf3 Nc6 3. Bb5 Nf6 4. 0-0 Nxe4 5. Re1 Nd6 6. Nxe5 Be7 7. Bxc6 dxc6 8. d4 0-0 9. c3 Bf5 10. Nd2 f6 11. Nef3 Bg4 12. h3 Bh5 13. Ne4 Nxe4 14. Rxe4 Qd7 15. Bf4 Rae8 16. Qe2 Bd6 17. Bxd6 cxd6 18. Re1 d5 19. Re3 Rxe3 20. Qxe3 Re8 21. Qd2 Bxf3 22. Rxe8+ Qxe8 23. gxf3 Qg6+ 24. Kh2 Qf5 25. Qe3 h6 26. f4 Qe4 27. Kg3 f5 28. Qxe4 fxe4 29. Kg4 g6 30. f5 Kg7 31. Kf4 g5+ 32. Ke5 h5 33. f6+ Kf7 34. Kf5 g4 35. hxg4 hxg4 36. Kxg4 Kxf6 37. Kf4 Ke6 38. Kg5 a5 39. a4 b5 40. b3 Ke7 41. Kf5 Kf7 42. Ke5 Ke7 43. Kf5 Kf7 44. Kg5 bxa4 45. bxa4 Kg7 46. Kf5 Kf7 47. Ke5 Ke7 48. c4 dxc4 49. Kxe4 Kf6 50. f4 Ke6 51. f5+ Kf6 52. Kf4 c3 53. Ke3 Kxf5 54. Kd3 c2 55. Kxc2 Ke4 56. Kc3 Ke3 57. Kc4 Ke4 58. Kc5 Ke3 59. d5 cxd5 60. Kxd5 Kd3 61. Kc5 Ke4 62. Kb5 Kd5 63. Kxa5 Kc6 64. Ka6 Kc7 65. Ka7 Kc8 66. a5 Kc7 67. a6 Kc8 68. Ka8 Kc7 69. a7 Kc8 1/2-1/2

[Event "AUT-ch Vor2 Internet"]
[Site "Playchess.com INT"]
[Date "2020.04.13"]
[Round "9"]
[White "Meglitsch, Konstantin"]
[Black "Hoelzl, Bernhard"]
[Result "1-0"]
[WhiteElo "2041"]
[BlackElo "1392"]
[PlyCount "157"]
[EventDate "2020.04.13"]
[EventType "swiss (blitz)"]
[EventRounds "9"]
[EventCountry "AUT"]
[SourceTitle "CBM 195 Extra"]
[Source "ChessBase"]
[SourceDate "2020.05.31"]
[SourceVersion "1"]
[SourceVersionDate "2020.05.31"]
[SourceQuality "1"]

1. e4 e6 2. d4 d5 3. Nd2 Nf6 4. e5 Nfd7 5. f4 c5 6. c3 Nc6 7. Ndf3 Qb6 8. g3 cxd4 9. cxd4 Be7 10. Kf2 f6 11. Kg2 fxe5 12. fxe5 0-0 13. h4 Rf7 14. Bd3 Nf8 15. Nh3 Bd7 16. Nhg5 Bxg5 17. Nxg5 Re7 18. Nf3 Rf7 19. Rf1 Ne7 20. b3 Nf5 21. Bb2 Bb5 22. Qe2 Bxd3 23. Qxd3 Ng6 24. h5 Nge7 25. Ng5 Rff8 26. Rf2 h6 27. Nh3 Nc6 28. Rd1 Nb4 29. Qd2 Rac8 30. a3 Rc2 31. Qxb4 Qxb4 32. axb4 Ne3+ 33. Kg1 Rcxf2 34. Nxf2 Nxd1 35. Nxd1 Rf3 36. Kg2 Rxb3 37. Bc3 Rb1 38. Ne3 Rc1 39. Bd2 Ra1 40. Kf3 b6 41. Ng2 a5 42. bxa5 bxa5 43. Nf4 a4 44. Nxe6 a3 45. Nc5 Rd1 46. Bc3 a2 47. Ke2 a1Q 48. Bxa1 Rxa1 49. Kf3 Kf7 50. Kf4 Rh1 51. g4 Ke7 52. Nd3 Rf1+ 53. Ke3 Rf8 54. Nf4 Ra8 55. Nxd5+ Ke6 56. Ke4 Ra1 57. Nf4+ Ke7 58. Kf5 Ra4 59. d5 Kf7 60. d6 Rd4 61. e6+ Kf8 62. Ng6+ Ke8 63. d7+ Kd8 64. Ke5 Rd1 65. Nf4 Re1+ 66. Kf5 Ke7 67. Nd5+ Kd8 68. Nf4 Ke7 69. Kg6 Re4 70. Nd5+ Kd8 71. Kf7 Re5 72. e7+ Kxd7 73. Nb6+ Kc6 74. e8Q+ Rxe8 75. Kxe8 Kxb6 76. Kf7 Kc7 77. Kxg7 Kd7 78. Kxh6 Ke7 79. Kg7 1-0

[Event "AUT-ch Vor1 Internet"]
[Site "Playchess.com INT"]
[Date "2020.04.11"]
[Round "8"]
[White "Hechl, Gerald"]
[Black "Meglitsch, Konstantin"]
[Result "1-0"]
[WhiteElo "2333"]
[BlackElo "2041"]
[PlyCount "107"]
[EventDate "2020.04.11"]
[EventType "swiss (blitz)"]
[EventRounds "9"]
[EventCountry "AUT"]
[SourceTitle "CBM 195 Extra"]
[Source "ChessBase"]
[SourceDate "2020.05.31"]
[SourceVersion "1"]
[SourceVersionDate "2020.05.31"]
[SourceQuality "1"]

1. Nc3 Nf6 2. e4 d6 3. d4 g6 4. f4 Bg7 5. Nf3 0-0 6. a3 c5 7. dxc5 dxc5 8. Qxd8 Rxd8 9. e5 Nd5 10. Nxd5 Rxd5 11. Be3 b6 12. Bd3 Bb7 13. 0-0-0 Rd8 14. Bc4 Nc6 15. Ng5 e6 16. Rhe1 h6 17. Nf3 Na5 18. Be2 Rac8 19. b3 Bf8 20. Kb2 Nc6 21. g3 a5 22. Nd2 Nd4 23. Bxd4 cxd4 24. Nc4 Bc5 25. Rf1 Ra8 26. a4 Bc6 27. Bf3 Bxf3 28. Rxf3 b5 29. axb5 a4 30. Rfd3 a3+ 31. Ka2 Rdb8 32. Nd6 Rb6 33. Ne4 Rxb5 34. Nxc5 Rxc5 35. R1d2 Rac8 36. Rxd4 Rxc2+ 37. Rxc2 Rxc2+ 38. Kxa3 Rxh2 39. b4 Rh1 40. b5 Ra1+ 41. Kb4 Rg1 42. Rd3 h5 43. b6 Rc1 44. b7 Rb1+ 45. Rb3 Rxb3+ 46. Kxb3 Kg7 47. b8Q h4 48. gxh4 g5 49. hxg5 f5 50. exf6+ Kg6 51. Qg8+ Kf5 52. f7 e5 53. f8Q+ Kg4 54. Qe6+ 1-0

[Event "AUT-ch Vor1 Internet"]
[Site "Playchess.com INT"]
[Date "2020.04.11"]
[Round "5"]
[White "Pernerstorfer, Markus"]
[Black "Meglitsch, Konstantin"]
[Result "0-1"]
[WhiteElo "1582"]
[BlackElo "2041"]
[PlyCount "78"]
[EventDate "2020.04.11"]
[EventType "swiss (blitz)"]
[EventRounds "9"]
[EventCountry "AUT"]
[SourceTitle "CBM 195 Extra"]
[Source "ChessBase"]
[SourceDate "2020.05.31"]
[SourceVersion "1"]
[SourceVersionDate "2020.05.31"]
[SourceQuality "1"]

1. e4 e6 2. d4 d5 3. Nd2 c5 4. exd5 Qxd5 5. Ngf3 cxd4 6. Bc4 Qd6 7. 0-0 Nf6 8. Nb3 Nc6 9. Nbxd4 Nxd4 10. Nxd4 a6 11. a4 Qc7 12. Qe2 Bd6 13. h3 0-0 14. a5 Bd7 15. b3 Rad8 16. Bb2 Nd5 17. Rfd1 Nf4 18. Qf3 e5 19. Ne2 Bc6 20. Qe3 Nxg2 21. Qg5 h6 22. Qg4 Kh8 23. Ng3 g6 24. Kh2 Nf4 25. h4 f5 26. Qxf4 Kh7 27. Qe3 f4 28. Qb6 fxg3+ 29. fxg3 Qxb6 30. axb6 e4 31. Rf1 e3 32. Rae1 Bc5 33. Bc1 Rxf1 34. Rxf1 Rd7 35. Bd3 Re7 36. Re1 Kg7 37. g4 Kf7 38. Kg3 Bxb6 39. Kf4 Bc7# 0-1

[Event "Steyr Landesliga 1718"]
[Site "Austria"]
[Date "2018.02.03"]
[Round "8.3"]
[White "Bonstingl, Georg"]
[Black "Meglitsch, Konstantin"]
[Result "1/2-1/2"]
[WhiteElo "2227"]
[BlackElo "2068"]
[PlyCount "117"]
[EventDate "2017.09.30"]
[EventType "team-tourn"]
[EventRounds "11"]
[EventCountry "AUT"]
[SourceTitle "EXT 2019"]
[Source "ChessBase"]
[SourceDate "2018.10.10"]
[SourceVersion "1"]
[SourceVersionDate "2018.10.10"]
[SourceQuality "1"]
[WhiteTeam "Gamlitz"]
[BlackTeam "Leibnitz"]
[WhiteTeamCountry "AUT"]
[BlackTeamCountry "AUT"]

1. Nf3 Nf6 2. g3 g6 3. Bg2 Bg7 4. d4 0-0 5. c4 d6 6. Nc3 Nc6 7. 0-0 e5 8. dxe5 dxe5 9. Qxd8 Rxd8 10. Bg5 Be6 11. Nd2 h6 12. Bxf6 Rxd2 13. Bxg7 Kxg7 14. Bxc6 bxc6 15. b3 a5 16. Rfd1 Rad8 17. Kf1 Bf5 18. Ke1 R2d4 19. Rac1 h5 20. Na4 h4 21. Nc5 hxg3 22. hxg3 Bc8 23. Rxd4 Rxd4 24. Rd1 Rd6 25. Ne4 Rxd1+ 26. Kxd1 f5 27. Nc5 Kf6 28. f4 exf4 29. gxf4 g5 30. fxg5+ Kxg5 31. e3 f4 32. Ke2 Kg4 33. Nd3 fxe3 34. Kxe3 Kf5 35. Kd4 Ke6 36. Kc5 Bd7 37. b4 axb4 38. Nxb4 Ke5 39. a4 Bc8 40. a5 Bb7 41. Nxc6+ Kf6 42. Kb5 Ba8 43. a6 Ke6 44. Kc5 Kd7 45. Na5 Kc8 46. a7 Kd7 47. Kb5 Kd6 48. c5+ Kd7 49. Nb3 Bc6+ 50. Ka6 Kc8 51. Na5 Ba8 52. c6 Kd8 53. Kb5 Kc8 54. Kc5 Kd8 55. Kd5 Kc8 56. Ke6 Bxc6 57. Nxc6 Kb7 58. Kd7 Ka8 59. Kxc7 1/2-1/2

[Event "Steyr Landesliga 1617"]
[Site "Austria"]
[Date "2016.11.26"]
[Round "5.5"]
[White "Preck, Helmut"]
[Black "Meglitsch, Konstantin"]
[Result "1-0"]
[WhiteElo "2049"]
[BlackElo "2087"]
[PlyCount "113"]
[EventDate "2016.10.01"]
[EventType "team-tourn"]
[EventRounds "11"]
[EventCountry "AUT"]
[SourceTitle "EXT 2018"]
[Source "ChessBase"]
[SourceDate "2017.10.13"]
[SourceVersion "1"]
[SourceVersionDate "2017.10.13"]
[SourceQuality "1"]
[WhiteTeam "Austria"]
[BlackTeam "Leibnitz"]
[WhiteTeamCountry "AUT"]
[BlackTeamCountry "AUT"]

1. d4 Nf6 2. Nf3 g6 3. Nbd2 Bg7 4. e4 d6 5. Bc4 0-0 6. 0-0 Nc6 7. c3 e5 8. dxe5 dxe5 9. Qc2 Nh5 10. Rd1 Qf6 11. Nf1 h6 12. Ne3 Ne7 13. b3 c5 14. Ba3 b6 15. Ne1 Nf4 16. Rd2 Qh4 17. Rad1 Bb7 18. Nf3 Qf6 19. Rd6 Nh3+ 20. Kf1 Qf4 21. Nd5 Nxd5 22. Bxd5 Bxd5 23. R6xd5 Qg4 24. Ne1 Nf4 25. Rd7 Ne6 26. f3 Qf4 27. Kg1 Qh4 28. Bc1 Bf6 29. Qf2 Qh5 30. Nc2 Bh4 31. g3 Bg5 32. Ne3 Qh3 33. Ng4 Bxc1 34. Rxc1 Ng5 35. Qg2 Qxg2+ 36. Kxg2 Kg7 37. Nxe5 h5 38. Rcd1 Kf6 39. R1d5 Ne6 40. f4 Kg7 41. R5d6 Rad8 42. Rxe6 Rxd7 43. Nxd7 fxe6 44. Nxf8 Kxf8 45. e5 b5 46. Kf3 a5 47. Ke4 Ke7 48. h3 Kf7 49. g4 hxg4 50. hxg4 Ke7 51. c4 bxc4 52. bxc4 Kd7 53. f5 gxf5+ 54. gxf5 exf5+ 55. Kxf5 Ke7 56. e6 Ke8 57. Ke5 1-0

[Event "Steyr Landesliga 1516"]
[Site "Austria"]
[Date "2015.10.24"]
[Round "3.6"]
[White "Brandstetter, Dieter"]
[Black "Meglitsch, Konstantin"]
[Result "1/2-1/2"]
[WhiteElo "2039"]
[BlackElo "2033"]
[PlyCount "37"]
[EventDate "2015.09.26"]
[EventType "team-tourn"]
[EventRounds "11"]
[EventCountry "AUT"]
[SourceTitle "EXT 2017"]
[Source "ChessBase"]
[SourceDate "2016.10.25"]
[SourceVersion "1"]
[SourceVersionDate "2016.10.25"]
[SourceQuality "1"]
[WhiteTeam "Graz Schachfreunde"]
[BlackTeam "Leibnitz Software"]
[WhiteTeamCountry "AUT"]
[BlackTeamCountry "AUT"]

1. d4 d5 2. c4 c6 3. Nf3 Nf6 4. e3 Bf5 5. Nc3 e6 6. Bd3 Bxd3 7. Qxd3 Nbd7 8. 0-0 Be7 9. b3 0-0 10. Bb2 Re8 11. Rad1 Bb4 12. a3 Bxc3 13. Bxc3 Ne4 14. Bb2 f5 15. Ne5 Nxe5 16. dxe5 Qb6 17. b4 a5 18. Bd4 Qc7 19. f3 1/2-1/2

[Event "Steyr Landesliga 1314"]
[Site "Austria"]
[Date "2013.12.07"]
[Round "5.4"]
[White "Meglitsch, Konstantin"]
[Black "Schieder, Andreas"]
[Result "0-1"]
[WhiteElo "2064"]
[BlackElo "2136"]
[PlyCount "44"]
[EventDate "2013.09.28"]
[EventType "team-tourn"]
[EventRounds "11"]
[EventCountry "AUT"]
[SourceTitle "EXT 2015"]
[Source "ChessBase"]
[SourceDate "2014.11.20"]
[SourceVersion "1"]
[SourceVersionDate "2014.11.20"]
[SourceQuality "1"]
[WhiteTeam "Kapfenberg/Norske/Bruck"]
[BlackTeam "Pinggau Friedberg"]
[WhiteTeamCountry "AUT"]
[BlackTeamCountry "AUT"]

1. e4 d6 2. d4 Nf6 3. Nc3 g6 4. f4 Bg7 5. Nf3 e6 6. Be2 b6 7. 0-0 Bb7 8. f5 exf5 9. exf5 0-0 10. Bg5 h6 11. Bh4 g5 12. Bxg5 hxg5 13. Nxg5 Qe7 14. Qd3 Re8 15. Bf3 d5 16. Rae1 Qxe1 17. Rxe1 Rxe1+ 18. Kf2 Ba6 19. Qd2 Rf1+ 20. Kg3 Nc6 21. Nxd5 Rxf3+ 22. Nxf3 Ne4+ 0-1